[Event "2008 Standard Chess Dropout Tournament, Round 1"]
[Site "SchemingMind.com"]
[Date "2007.11.13"]
[Round "1"]
[White "Kroll"]
[Black "NimbleKnight"]
[Result "1-0"]
[WhiteCountry "POL"]
[BlackCountry "USA"]
[WhiteElo "1970"]
[WhiteRD "69"]
[BlackElo "1871"]
[BlackRD "104"]
[GameID "128786"]

1. d4 d5 2. c4 dxc4 3. e4 c5 4. d5 Nf6 5. Nc3 e6 6. Bxc4 exd5 7. Nxd5 Nxd5 8. Bxd5 Be7 9. Ne2 O-O 10. O-O Nd7
11. Qb3 Nf6 12. Rd1 Nxd5 13. Rxd5 Qc7 14. Bf4 Qc6 15. Qg3 Qg6 16. Qxg6 hxg6 17. Bd6 Bxd6 18. Rxd6 Be6 19. Nf4 Rfd8 20. e5 Rxd6
21. exd6 Bf5 22. Rd1 Rd8 23. Nd5 f6 24. Nc7 Kf7 25. f3 Be6 26. b3 Bc8 27. h4 Bf5= 28. Kf2 Be6 29. Ke3 Bf5 30. g4 Be6
31. Ke4 Bc8 32. Kd5 b6 33. Kc6 Rd7 34. Re1 Rd8 35. Re7+ Kf8 36. Nd5 Ba6 37. Rxa7 Be2 38. Kc7 Ke8 39. Nxb6 Bxf3 40. d7+ Rxd7+
41. Nxd7 Bxg4 42. Nxc5 f5 43. Kd6 f4 44. Rxg7 Bf5 45. Re7+ Kf8 46. Ne6+ Bxe6 47. Kxe6 f3 48. Rf7+ Ke8 49. Rxf3
1-0

[Event "2008 Standard Chess Dropout Tournament, Round 1"]
[Site "SchemingMind.com"]
[Date "2007.11.14"]
[Round "1"]
[White "krueger"]
[Black "APB"]
[Result "1-0"]
[WhiteCountry "USA"]
[BlackCountry "ENG"]
[WhiteElo "2024"]
[WhiteRD "105"]
[BlackElo "1425"]
[BlackRD "120"]
[GameID "128787"]

1. e4 e5 2. Nf3 Nc6 3. Bb5 a6 4. Ba4 b5 5. Bb3 Nf6 6. O-O Nxe4 7. d4 f6 8. dxe5 fxe5 9. Qd5 Nd6 10. Nxe5 Qe7
11. Nxc6 dxc6 12. Qxc6+
1-0

[Event "2008 Standard Chess Dropout Tournament, Round 1"]
[Site "SchemingMind.com"]
[Date "2007.11.18"]
[Round "1"]
[White "John Elburg"]
[Black "asperse"]
[Result "1-0"]
[WhiteCountry "NED"]
[BlackCountry "ENG"]
[WhiteElo "2270"]
[WhiteRD "104"]
[BlackElo "1473"]
[BlackRD "88"]
[GameID "128789"]

1. e4 e5 2. Nf3 d6 3. d4 a6 4. dxe5 dxe5 5. Qxd8+ Kxd8 6. Nxe5 Bb4+ 7. c3 Bd6 8. Nxf7+ Ke8 9. Nxh8 Nc6 10. f4 g6
11. Bc4 Nge7 12. Nf7 Kd7 13. Nxd6 cxd6 14. Be3 b5 15. Bd3 h6 16. Nd2 Kd8 17. O-O h5 18. f5 gxf5 19. exf5 Bxf5 20. Bxf5 Nxf5
21. Rxf5
1-0

[Event "2008 Standard Chess Dropout Tournament, Round 1"]
[Site "SchemingMind.com"]
[Date "2007.11.18"]
[Round "1"]
[White "Lazaro"]
[Black "markakeen"]
[Result "0-1"]
[WhiteCountry "CUB"]
[BlackCountry "GBR"]
[WhiteElo "1507"]
[WhiteRD "47"]
[BlackElo "2015"]
[BlackRD "79"]
[GameID "128790"]

1. d4 Nf6 2. c4 g6 3. Nc3 Bg7 4. e4 d6 5. Nf3 O-O 6. Be2 e5 7. dxe5 dxe5 8. Qxd8 Rxd8 9. Bg5 Nbd7 10. Rd1 Rf8
11. b4 c6 12. O-O h6 13. Bc1 Ne8 14. Be3 Nb6 15. Bc5 Be6 16. Bxf8 Bxf8 17. c5 Nd7 18. a3 b6 19. b5 Nxc5
0-1

[Event "2008 Standard Chess Dropout Tournament, Round 1"]
[Site "SchemingMind.com"]
[Date "2007.11.18"]
[Round "1"]
[White "Lee Shuck"]
[Black "nimzoking"]
[Result "0-1"]
[WhiteCountry "ENG"]
[BlackCountry "ENG"]
[WhiteElo "1431"]
[WhiteRD "66"]
[BlackElo "2134"]
[BlackRD "80"]
[GameID "128791"]

1. e4 d5 2. exd5 Qxd5 3. Nc3 Qd6 4. d4 Nf6 5. Nf3 a6 6. Bc4 b5 7. Bb3 Bb7 8. O-O e6 9. Re1 Be7 10. g3 O-O
11. Bf4 Qb6 12. Ne5 Nbd7 13. Nxd7 Nxd7 14. h4 Bf6 15. a4 bxa4 16. Nxa4 Qc6 17. d5 exd5 18. Bxd5 Qxd5 19. Qxd5 Bxd5 20. Bxc7 Bc6
21. Rad1 Bxa4 22. b3 Bc6 23. Bd6 Rfe8 24. Rxe8+ Rxe8 25. Kf1 Bf3 26. Rd3 Be2+ 27. Kg2 Bxd3 28. cxd3 Re6
0-1

[Event "2008 Standard Chess Dropout Tournament, Round 1"]
[Site "SchemingMind.com"]
[Date "2007.11.18"]
[Round "1"]
[White "leroipere"]
[Black "Lee Shuck"]
[Result "1-0"]
[WhiteCountry "FRA"]
[BlackCountry "ENG"]
[WhiteElo "1744"]
[WhiteRD "128"]
[BlackElo "1430"]
[BlackRD "67"]
[GameID "128792"]

1. e4 e5 2. Nf3 Nc6 3. Bc4 Bc5 4. Nc3 Nf6 5. d3 h6 6. O-O O-O 7. Re1 d6 8. Na4 Bg4 9. Nxc5 dxc5 10. h3 Bh5
11. g4 Bg6 12. Be3 b6 13. Bb5 Ne7 14. Nxe5 a6 15. Bc4 a5 16. a3 Bh7 17. Qf3 Nd7 18. Qg3 Nxe5 19. Qxe5 Ng6 20. Qg3 Qd6
21. Qxd6 cxd6 22. Bd5 Rae8 23. f4 b5 24. e5 dxe5 25. Bxc5 Nxf4 26. Bxf8 Kxf8 27. Bc6 Re6 28. Bxb5 Nxh3+ 29. Kg2 Nf4+ 30. Kg3
1-0

[Event "2008 Standard Chess Dropout Tournament, Round 1"]
[Site "SchemingMind.com"]
[Date "2007.11.13"]
[Round "1"]
[White "loco61"]
[Black "Stahp"]
[Result "1/2-1/2"]
[WhiteCountry "ENG"]
[BlackCountry "FRA"]
[WhiteElo "1562"]
[WhiteRD "68"]
[BlackElo "1629"]
[BlackRD "90"]
[GameID "128793"]

1. e4 c5 2. Nf3 d6 3. Bc4 Nc6 4. c3 g6 5. d4 cxd4 6. cxd4 Bg7 7. O-O Nf6 8. Nc3 Bg4 9. Be3 O-O 10. Qd2 Bxf3
11. gxf3 Qd7 12. Kh1 Qh3 13. Be2 Rfc8 14. Rg1 e5 15. dxe5 dxe5 16. Rg3 Qd7 17. Qxd7 Nxd7 18. Nd5 Nf6 19. Nxf6+ Bxf6 20. a3 Nd4
21. Bxd4 exd4 22. Bd3 Rc7 23. f4 Rac8 24. e5 Be7 25. Rgg1 Bc5 26. Rac1 Bb6 27. Rxc7 Rxc7 28. Kg2 Kf8 29. Kf3 Ke7 30. Ke4 f5+
31. Kd5 Rd7+ 32. Kc4 Ke6 33. Rd1 Rc7+ 34. Kb3 Kd5 35. h4 Rc6 36. Ka2 Bd8 37. Rh1 a6 38. h5 Ke6 39. b3 Rc3 40. Rd1 Bb6
41. Bc4+ Ke7 42. Bg8 Rc2+ 43. Kb1 Rxf2 44. Bxh7 Rxf4 45. Bxg6 Rh4 46. Kc2 Ke6 47. Rf1 f4 48. Kd3 Kxe5 49. Re1+ Kd6 50. Ke4 Ke6
51. Rf1 Ba7 52. Rxf4 Rxf4+ 53. Kxf4 Bb8+ 54. Ke4 Be5 55. Kd3 b6 56. Kc4 Kd6 57. b4 b5+ 58. Kd3=
1/2-1/2

[Event "2008 Standard Chess Dropout Tournament, Round 1"]
[Site "SchemingMind.com"]
[Date "2007.11.13"]
[Round "1"]
[White "lordek"]
[Black "Ilang"]
[Result "0-1"]
[WhiteCountry "AUS"]
[BlackCountry "HUN"]
[WhiteElo "1535"]
[WhiteRD "151"]
[BlackElo "2274"]
[BlackRD "74"]
[GameID "128794"]

1. e4 e5 2. f4 exf4 3. Nf3 d5 4. exd5 Nf6 5. Bc4 Nxd5 6. O-O Be6 7. Qe2 Be7 8. d4 O-O 9. Bxd5 Bxd5 10. Bxf4 Bxf3
11. Qxf3 Qxd4+ 12. Kh1 Qxb2 13. Qg3 Bh4 14. Qxh4 Qxa1 15. Bxc7 Qxa2 16. Be5 Nc6 17. Bc3 Qxc2 18. h3 Qg6 19. Nd2 a5 20. Rf3 f6
21. Ne4 Ne5 22. Rg3 Qf5 23. Bd2 Ng6
0-1

[Event "2008 Standard Chess Dropout Tournament, Round 1"]
[Site "SchemingMind.com"]
[Date "2007.11.13"]
[Round "1"]
[White "Malatuso"]
[Black "Stavrogin"]
[Result "0-1"]
[WhiteCountry "ITA"]
[BlackCountry "GER"]
[WhiteElo "1618"]
[WhiteRD "58"]
[BlackElo "2159"]
[BlackRD "74"]
[GameID "128795"]

1. e4 e5 2. Nf3 Nc6 3. Bc4 Bc5 4. c3 Nf6 5. d4 exd4 6. cxd4 Bb4+ 7. Bd2 Bxd2+ 8. Nbxd2 d5 9. exd5 Nxd5 10. Qb3 Na5
11. Qa4+ Nc6 12. Ne5 O-O 13. Ndf3 Nxe5 14. Nxe5 Be6 15. Bxd5 Bxd5 16. f3 Qh4+ 17. g3 Qh3 18. Qc2 f6 19. Nd3 Bxf3 20. Nf4 Qg4
21. O-O Bc6 22. Qb3+ Kh8 23. d5 Bd7 24. Qxb7 Rab8 25. Qxc7 Rxb2 26. Qxa7 Rfb8 27. Rf2 R2b6 28. Qc7 g5 29. Ng2 Rb1+
0-1

[Event "2008 Standard Chess Dropout Tournament, Round 1"]
[Site "SchemingMind.com"]
[Date "2007.11.15"]
[Round "1"]
[White "Manuel Angel"]
[Black "Space"]
[Result "0-1"]
[WhiteCountry "ESP"]
[BlackCountry "SWE"]
[WhiteElo "1712"]
[WhiteRD "78"]
[BlackElo "2247"]
[BlackRD "80"]
[GameID "128796"]

1. e4 Nf6 2. e5 Nd5 3. d4 d6 4. Nf3 Bg4 5. h3 Bxf3 6. Qxf3 dxe5 7. dxe5 e6 8. Nc3 Bb4 9. Qg3 Rg8 10. a3 Nxc3
11. bxc3 Ba5 12. Be2 Qd4 13. Bd2 Qe4 14. Qd3 Qxe5 15. Rb1 Bb6 16. Qxh7 Rf8 17. Rb5 c5 18. Qh5 Qxh5
0-1

[Event "2008 Standard Chess Dropout Tournament, Round 1"]
[Site "SchemingMind.com"]
[Date "2007.11.13"]
[Round "1"]
[White "marble"]
[Black "loco61"]
[Result "1-0"]
[WhiteCountry "ENG"]
[BlackCountry "ENG"]
[WhiteElo "1648"]
[WhiteRD "60"]
[BlackElo "1554"]
[BlackRD "66"]
[GameID "128797"]

1. e4 e5 2. Nf3 Nc6 3. Bb5 d6 4. d4 Bd7 5. Nc3 a6 6. Bxc6 Bxc6 7. dxe5 dxe5 8. Qxd8+ Rxd8 9. Nxe5 Bd7 10. Be3 f6
11. Nd3 Bd6 12. O-O h5 13. Rfe1 Ne7 14. a3 O-O 15. Bd4 Nc6 16. Bc5 Bxc5 17. Nxc5 Bc8 18. Nd5 b6 19. Nd3 Rf7 20. N3f4 h4
21. h3 Ne5 22. Rad1 Kf8 23. b4 g5 24. Nh5 Rd6 25. Nhxf6 Rfxf6 26. Nxf6 Rxf6 27. Rd8+
1-0

[Event "2008 Standard Chess Dropout Tournament, Round 1"]
[Site "SchemingMind.com"]
[Date "2007.11.17"]
[Round "1"]
[White "Mariazb"]
[Black "calidore"]
[Result "1-0"]
[WhiteCountry "ARG"]
[BlackCountry "ISR"]
[WhiteElo "2380"]
[WhiteRD "68"]
[BlackElo "1896"]
[BlackRD "61"]
[GameID "128799"]

1. d4 Nf6 2. Bg5 e6 3. e4 Be7 4. Bd3 d5 5. e5 Nfd7 6. Be3 c5 7. c3 Nc6 8. Nf3 Qb6 9. b3 cxd4 10. cxd4 Nf8
11. Nc3 Ng6 12. a3 Bd7 13. b4 Rc8 14. Rc1 Nh4 15. Nxh4 Bxh4 16. O-O h6 17. Qg4 Bg5 18. Na4 Qd8 19. f4 Be7 20. Qxg7 Rf8
21. Nc5 Bxc5 22. bxc5 Ne7 23. f5 Rg8 24. Qh7 exf5 25. Bxh6 Rc6 26. Bxf5 Bxf5 27. Rxf5 Rxh6 28. Qxf7+ Kd7 29. Rf6 Rxf6 30. exf6 Rf8
31. fxe7 Qxe7 32. Qxd5+ Kc8 33. Rb1 Rf7 34. h3 Qe3+ 35. Kh1 Rd7 36. Qg8+ Kc7 37. c6
1-0

[Event "2008 Standard Chess Dropout Tournament, Round 1"]
[Site "SchemingMind.com"]
[Date "2007.11.18"]
[Round "1"]
[White "markakeen"]
[Black "29A"]
[Result "1-0"]
[WhiteCountry "GBR"]
[BlackCountry "CAN"]
[WhiteElo "2002"]
[WhiteRD "78"]
[BlackElo "1795"]
[BlackRD "90"]
[GameID "128800"]

1. d4 d5 2. c4 c6 3. cxd5 cxd5 4. Nc3 Nf6 5. Nf3 Nc6 6. Bf4 Bf5 7. e3 e6 8. Bb5 Nd7 9. O-O Be7 10. Qb3 Nb6
11. Ne5 Qc8 12. Na4 O-O 13. Rfc1 Na5 14. Rxc8 Nxb3 15. Rxf8+
1-0

[Event "2008 Standard Chess Dropout Tournament, Round 1"]
[Site "SchemingMind.com"]
[Date "2007.11.13"]
[Round "1"]
[White "marks"]
[Black "Miael_"]
[Result "0-1"]
[WhiteCountry "PHI"]
[BlackCountry "ARG"]
[WhiteElo "1765"]
[WhiteRD "65"]
[BlackElo "1819"]
[BlackRD "79"]
[GameID "128801"]

1. e4 e5 2. Nf3 Nc6 3. Bb5 a6 4. Ba4 Nf6 5. O-O Be7 6. c3 b5 7. Bb3 Bb7 8. d4 O-O 9. Re1 d6 10. Bc2 exd4
11. cxd4 Re8 12. Nbd2 h6 13. Nf1 Nb4 14. Bb1 c5 15. d5 a5 16. a3 Na6 17. Nh4 Nxd5 18. exd5 Bxh4 19. Rxe8+ Qxe8 20. Ne3 Bg5
21. Bc2 Nc7 22. Bd2 Bxe3 23. Bxe3 Nxd5 24. Qd2 Nxe3 25. fxe3 Qc6 26. Rf1 Re8 27. Rf2 b4 28. axb4 axb4 29. Qe2 Ra8 30. h3 Ra1+
31. Kh2 Ba6 32. Qg4 Bc8 33. Qf4 Be6 34. Bf5 Bxf5 35. Qxf5 Ra7 36. e4 c4 37. e5 dxe5 38. Qxe5 Qc7 39. Qxc7 Rxc7 40. Rc2 c3
41. bxc3 Rxc3 42. Rb2 b3 43. Kg1 Kf8
0-1

[Event "2008 Standard Chess Dropout Tournament, Round 1"]
[Site "SchemingMind.com"]
[Date "2007.11.17"]
[Round "1"]
[White "mathmagician"]
[Black "Bacon"]
[Result "0-1"]
[WhiteCountry "USA"]
[BlackCountry "BER"]
[WhiteElo "1264"]
[WhiteRD "95"]
[BlackElo "1157"]
[BlackRD "95"]
[GameID "128802"]

1. e4 e5 2. Nf3 Nc6 3. d4 exd4 4. Nxd4 Nxd4 5. Qxd4 Nf6 6. Nc3 c5 7. Qd1 d6 8. Bf4 Bg4 9. f3 Be6 10. Nb5 a6
11. Nxd6+ Ke7 12. Nf5+ Bxf5 13. Qxd8+ Rxd8 14. exf5 b5 15. c4 b4 16. a3 b3 17. Be3 Nd7 18. Bxc5+ Nxc5 19. Be2 Na4 20. Rb1 Kf6
21. g4 Re8 22. Kf2 Bc5+ 23. Kf1 Bd4 24. c5 Rc8 25. Bxa6 Rxc5 26. Ke1 Bxb2 27. Ke2 Nc3+ 28. Kd2 Nxb1+ 29. Rxb1 Rc2+ 30. Ke3 Rxh2
31. Re1 Bxa3 32. Kf4 g5+ 33. Kg3 Rh4 34. f4 Bd6 35. Re4 Rb8 36. Rd4 Rb6 37. Bc4 b2 38. Bd3 Rb3 39. Rxd6+ Ke7 40. Rd4 Rxd3+
41. Rxd3 b1=Q 42. Re3+ Kf6 43. fxg5+ Kxg5 44. Re4 Qd3+ 45. Kf2 Qxe4 46. Kg3 Qxg4+ 47. Kf2 Rh3 48. Kf1 Qf3+ 49. Kg1 Qh1+ 50. Kf2 Kg4
51. f6 Qh2+ 52. Kf1 Ra3 53. Ke1 Ra1#
0-1

[Event "2008 Standard Chess Dropout Tournament, Round 1"]
[Site "SchemingMind.com"]
[Date "2007.11.18"]
[Round "1"]
[White "Mekk"]
[Black "Brennan Price"]
[Result "1/2-1/2"]
[WhiteCountry "POL"]
[BlackCountry "USA"]
[WhiteElo "1959"]
[WhiteRD "70"]
[BlackElo "2000"]
[BlackRD "99"]
[GameID "128803"]

1. e4 e5 2. Nf3 Nc6 3. Bb5 a6 4. Ba4 Nf6 5. O-O Be7 6. Re1 b5 7. Bb3 O-O 8. h3 Bb7 9. d3 d6 10. a3 Nb8
11. Nbd2 Nbd7 12. Nf1 c5 13. Ng3 Rc8 14. Ba2 c4 15. Bg5 d5 16. exd5 Nxd5 17. Bxe7 Qxe7 18. dxc4 bxc4 19. Qe2 Nf4 20. Qe3 Qe6
21. Rad1 Rfd8 22. Ne2 Nd5 23. Qg5 h6=
1/2-1/2

[Event "2008 Standard Chess Dropout Tournament, Round 1"]
[Site "SchemingMind.com"]
[Date "2007.11.14"]
[Round "1"]
[White "Mel"]
[Black "fouche"]
[Result "1/2-1/2"]
[WhiteCountry "USA"]
[BlackCountry "COL"]
[WhiteElo "1667"]
[WhiteRD "111"]
[BlackElo "1668"]
[BlackRD "63"]
[GameID "128804"]

1. e4 e6 2. Nc3 d5 3. d4 dxe4 4. Nxe4 Nf6 5. Bd3 Nbd7 6. Nxf6+ Nxf6 7. Nf3 Bd6 8. O-O O-O 9. Bg5 b6 10. Be4 Rb8
11. Qd3 h6 12. Bd2 Nxe4 13. Qxe4 Bb7 14. Qd3 Qf6 15. Bc3 Bxf3 16. Qxf3 Qxf3 17. gxf3 Rfe8 18. Rfe1 Re7 19. Kh1 Rbe8 20. Re2 c5
21. Rd1 cxd4 22. Rxd4 Bb8 23. f4 f6 24. Red2 e5 25. Re4 f5 26. Bb4 fxe4 27. Bxe7 Rxe7 28. Rd8+ Kf7 29. Rxb8 exf4 30. Kg2 e3
31. Kf1 e2+ 32. Ke1 f3 33. Rd8 h5 34. Rd3 Rc7 35. Rxf3+ Kg6 36. Rc3 Rxc3 37. bxc3 Kf5 38. f3 h4 39. Kxe2= Kf4 40. a4 a5
41. c4 g6 42. Kf2 h3 43. c3 g5 44. Ke2 Kf5 45. Kf2 Kf4=
1/2-1/2

[Event "2008 Standard Chess Dropout Tournament, Round 1"]
[Site "SchemingMind.com"]
[Date "2007.11.14"]
[Round "1"]
[White "Mel-o-rama"]
[Black "PankracyRozumek"]
[Result "0-1"]
[WhiteCountry "USA"]
[BlackCountry "POL"]
[WhiteElo "1808"]
[WhiteRD "126"]
[BlackElo "1875"]
[BlackRD "87"]
[GameID "128805"]

1. e4 e5 2. Nf3 Nc6 3. Bc4 Nf6 4. Ng5 d5 5. exd5 Na5 6. Bb5+ c6 7. dxc6 bxc6 8. Be2 h6 9. Nh3 Bxh3 10. gxh3 Bc5
11. d3 e4 12. Nc3 Qe7 13. O-O Rd8 14. Bd2 e3 15. Bxe3 Bxe3 16. fxe3 Qxe3+ 17. Kg2 Nb7 18. Rf3 Qe5 19. Qd2 O-O 20. Qe3 Qxe3
21. Rxe3 Nd6 22. b3 Nf5 23. Re5 g6 24. Ne4 Nd5 25. Ng3 Nfe3+ 26. Kh1 Nxc2 27. Rc1 Nd4 28. Rc4 Nxe2 29. Nxe2 Rfe8 30. Rxe8+ Rxe8
31. Nc3 Re1+ 32. Kg2 Ne3+ 33. Kf2 Nxc4 34. Kxe1 Ne5 35. Ke2 f5 36. Ke3 Kf7 37. d4 Nd7 38. d5 c5 39. a3 a6 40. b4 cxb4
41. axb4 Kf6 42. Na4 Ke5 43. Nc3= Nb6 44. b5 a5
0-1

[Event "2008 Standard Chess Dropout Tournament, Round 1"]
[Site "SchemingMind.com"]
[Date "2007.11.13"]
[Round "1"]
[White "Miael_"]
[Black "Austin Lockwood"]
[Result "0-1"]
[WhiteCountry "ARG"]
[BlackCountry "ENG"]
[WhiteElo "1819"]
[WhiteRD "79"]
[BlackElo "1720"]
[BlackRD "102"]
[GameID "128806"]

1. e4 e5 2. Nf3 Nc6 3. Bb5 a6 4. Ba4 Nf6 5. O-O Be7 6. Re1 b5 7. Bb3 O-O 8. c3 d6 9. d4 Bg4 10. Be3 exd4
11. cxd4 d5 12. e5 Ne4 13. h3 Bxf3 14. Qxf3 Na5 15. Bc2 Nc4 16. b3 Nxe3 17. fxe3 Bg5 18. Bxe4 dxe4 19. Qxe4 f5 20. Qf3 f4
21. Nc3 fxe3 22. Qd5+ Qxd5 23. Nxd5 c6 24. Nxe3 Rae8 25. Nc2 Re6 26. Nb4 Bd2 27. Re4 Bxb4 28. d5 Bc5+ 29. Kh1 cxd5 30. Re2 Bd4
31. Rd1 Bxe5 32. Red2 d4
0-1

[Event "2008 Standard Chess Dropout Tournament, Round 1"]
[Site "SchemingMind.com"]
[Date "2007.11.18"]
[Round "1"]
[White "mikewharvey"]
[Black "Apatchenlama"]
[Result "1-0"]
[WhiteCountry "GBR"]
[BlackCountry "GER"]
[WhiteElo "1713"]
[WhiteRD "90"]
[BlackElo "1361"]
[BlackRD "260"]
[GameID "128808"]

1. c4 e5 2. Nc3 Nf6 3. Nf3 Nc6 4. g3 Bb4 5. Bg2 d6 6. O-O Be6 7. d3 h6 8. a3 Bxc3 9. bxc3 Qd7 10. Rb1 Rb8
11. Be3 Ng4 12. Bd2 O-O 13. Nh4 Nf6 14. f3 g5 15. Qc1 Nh7 16. f4 f6 17. Ng6 Rfe8 18. fxg5 hxg5 19. Be4 Qg7 20. Be3 a6
21. h4 Bf7 22. Bxc6 bxc6 23. Ne7+ Kh8 24. Rxb8 Rxb8 25. hxg5 Bh5 26. Nxc6 Rg8 27. Rf2 f5 28. Rh2 Qf7 29. d4 Qe8 30. dxe5 Qxc6
31. Rxh5 Qxc4 32. exd6 Qg4 33. Bd4+ Rg7 34. Qf4 cxd6 35. Qxg4
1-0

[Event "2008 Standard Chess Dropout Tournament, Round 1"]
[Site "SchemingMind.com"]
[Date "2007.11.18"]
[Round "1"]
[White "Mitchell-in"]
[Black "Raimondi"]
[Result "1/2-1/2"]
[WhiteCountry "ENG"]
[BlackCountry "PER"]
[WhiteElo "1688"]
[WhiteRD "69"]
[BlackElo "1593"]
[BlackRD "77"]
[GameID "128811"]

1. e4 e5 2. Nf3 Nc6 3. d4 exd4 4. Bc4 Nf6 5. Ng5 d5 6. exd5 Nxd5 7. Nxf7 Qe7+ 8. Qe2 Qxe2+ 9. Kxe2 Kxf7 10. Bxd5+ Ke8
11. Rd1 Bf5 12. Bxc6+ bxc6 13. Rxd4 Bd6 14. h3 Kf7 15. c3 Rhe8+ 16. Be3 Bc5 17. Rf4 Kg6 18. Nd2 Rad8 19. Nc4 Bd3+ 20. Ke1 Bxc4
21. Rxc4 Bxe3 22. fxe3 Rxe3+ 23. Kf2 Re6 24. Re1 Rd2+ 25. Kf1=
1/2-1/2

[Event "2008 Standard Chess Dropout Tournament, Round 1"]
[Site "SchemingMind.com"]
[Date "2007.11.16"]
[Round "1"]
[White "montinskij"]
[Black "pjl1015"]
[Result "0-1"]
[WhiteCountry "USA"]
[BlackCountry "USA"]
[WhiteElo "1643"]
[WhiteRD "161"]
[BlackElo "2325"]
[BlackRD "107"]
[GameID "128813"]

1. e4 e6 2. d4 d5 3. Nc3 Bb4 4. e5 c5 5. a3 Bxc3+ 6. bxc3 Ne7 7. Qg4 cxd4 8. Qxg7 Rg8 9. Qxh7 Qc7 10. Ne2 dxc3
11. f4 b6 12. Nd4 Ba6 13. Bxa6 Nxa6 14. Nb5 Qc5 15. Nd6+ Kd7 16. Qh3 f5 17. Be3 Qc6 18. Bd4 Qa4 19. Qxc3 Rxg2 20. O-O-O Rag8
21. h4 Nc6 22. Be3 Ncb4
0-1

[Event "2008 Standard Chess Dropout Tournament, Round 1"]
[Site "SchemingMind.com"]
[Date "2007.11.17"]
[Round "1"]
[White "mq1982"]
[Black "Sebastian Strauchler"]
[Result "0-1"]
[WhiteCountry "GBR"]
[BlackCountry "ARG"]
[WhiteElo "1592"]
[WhiteRD "71"]
[BlackElo "2156"]
[BlackRD "104"]
[GameID "128814"]

1. e4 c5 2. Nf3 Nc6 3. d4 cxd4 4. Nxd4 g6 5. Bb5 Bg7 6. Be3 Nf6 7. Nc3 O-O 8. O-O a6 9. Nxc6 bxc6 10. Ba4 Qc7
11. f4 d6 12. f5 Rb8 13. Bb3 Kh8 14. fxg6 fxg6 15. Qe2 Bb7 16. Rad1 Nd7 17. Qg4 c5 18. Nd5 Bxd5 19. Rxf8+ Rxf8 20. Bxd5 Nf6
0-1

[Event "2008 Standard Chess Dropout Tournament, Round 1"]
[Site "SchemingMind.com"]
[Date "2007.11.18"]
[Round "1"]
[White "NebAnphu"]
[Black "Archr"]
[Result "1-0"]
[WhiteCountry "POL"]
[BlackCountry "USA"]
[WhiteElo "2145"]
[WhiteRD "92"]
[BlackElo "1625"]
[BlackRD "83"]
[GameID "128817"]

1. f4 e5 2. fxe5 d6 3. Nf3 dxe5 4. e4 Bc5 5. Nc3 Nc6 6. Bb5 Bd7 7. d3 Nd4 8. Bxd7+ Qxd7 9. Nxe5 Qe6 10. Nf3 O-O-O
11. Na4 Qc6 12. Nxc5 Qxc5 13. Nxd4 Qxd4 14. Qg4+ Kb8 15. Qg3 Ne7 16. Qf2 Qxf2+ 17. Kxf2 h6 18. Bd2 Nc6 19. Bc3 f6 20. Rhf1 Nd4
21. Bxd4 Rxd4 22. Ke3 Rdd8 23. Rf5 Rhe8 24. Raf1 c6 25. h4 Kc7 26. g4 Rd7 27. g5 hxg5 28. hxg5 fxg5 29. Rxg5 Rg8 30. c3 g6
31. Rf6 Rdg7 32. d4 b6 33. b4 a6 34. a4 Kb7 35. Kd3 Kc7 36. a5
1-0

[Event "2008 Standard Chess Dropout Tournament, Round 1"]
[Site "SchemingMind.com"]
[Date "2007.11.14"]
[Round "1"]
[White "neoliminal"]
[Black "montinskij"]
[Result "0-1"]
[WhiteCountry "CRC"]
[BlackCountry "USA"]
[WhiteElo "1188"]
[WhiteRD "104"]
[BlackElo "1616"]
[BlackRD "167"]
[GameID "128818"]

1. e4 c6 2. d4 d5 3. Nc3 g6 4. e5 Bg7 5. Nh3 f6 6. exf6 Nxf6 7. g3 O-O 8. Nf4 Qd6 9. Bh3 Bxh3 10. Nxh3 Qe6+
11. Qe2 Qxh3 12. Qxe7 Re8
0-1

[Event "2008 Standard Chess Dropout Tournament, Round 1"]
[Site "SchemingMind.com"]
[Date "2007.11.13"]
[Round "1"]
[White "nic_car"]
[Black "Theodoric"]
[Result "1-0"]
[WhiteCountry "ITA"]
[BlackCountry "ENG"]
[WhiteElo "2064"]
[WhiteRD "84"]
[BlackElo "1812"]
[BlackRD "60"]
[GameID "128820"]

1. d4 Nf6 2. c4 c5 3. d5 e6 4. Nc3 exd5 5. cxd5 d6 6. e4 g6 7. Bd3 Bg7 8. Nge2 O-O 9. O-O b6 10. h3 Ba6
11. Ng3 c4 12. Bc2 b5 13. a3 Qd7 14. f4 Bb7 15. a4 b4 16. Nb5 b3 17. Bb1 a6 18. Nd4 a5 19. Kh1 Ba6 20. f5 c3
21. bxc3 Bxf1 22. Qxf1 Rc8 23. fxg6 hxg6 24. c4 Nxd5 25. exd5 Bxd4 26. Ra3 Qe8 27. Rxb3 Qxa4 28. Rb7 Rf8 29. Nh5 Nd7 30. Bh6 gxh5
31. Qd3
1-0

[Event "2008 Standard Chess Dropout Tournament, Round 1"]
[Site "SchemingMind.com"]
[Date "2007.11.13"]
[Round "1"]
[White "NimbleKnight"]
[Black "dadshane2000"]
[Result "1-0"]
[WhiteCountry "USA"]
[BlackCountry "USA"]
[WhiteElo "1887"]
[WhiteRD "100"]
[BlackElo "1885"]
[BlackRD "70"]
[GameID "128823"]

1. e4 e5 2. Nf3 Nc6 3. Bb5 a6 4. Ba4 Bc5 5. c3 b5 6. Bc2 d6 7. d4 exd4 8. cxd4 Bb4+ 9. Nc3 Bg4 10. Be3 Nf6
11. h3 Bh5 12. O-O O-O 13. Ne2 Bxf3 14. gxf3 h6 15. Kh2 Kh8 16. Rg1 d5 17. e5 Nh5 18. a3 Be7 19. Qd3 f5 20. exf6 Nxf6
21. Rxg7 Kxg7 22. Qg6+ Kh8 23. Qxh6+ Kg8 24. Qg6+ Kh8 25. Rg1
1-0

[Event "2008 Standard Chess Dropout Tournament, Round 1"]
[Site "SchemingMind.com"]
[Date "2007.11.15"]
[Round "1"]
[White "nimzoking"]
[Black "Dreadtower"]
[Result "1-0"]
[WhiteCountry "ENG"]
[BlackCountry "ENG"]
[WhiteElo "2117"]
[WhiteRD "83"]
[BlackElo "1868"]
[BlackRD "111"]
[GameID "128824"]

1. c4 c5 2. Nc3 Nf6 3. g3 e6 4. Bg2 d5 5. Nf3 Nc6 6. O-O d4 7. Na4 e5 8. d3 h6 9. b3 Bd6 10. Bd2 O-O
11. e4 a6 12. Qc2 Be6 13. a3 b5 14. cxb5 axb5 15. Nxc5 Qb6 16. Nxe6 fxe6 17. b4 Rac8 18. Bh3 Rfe8 19. Rfc1 Qb7 20. Qb3 Nd8
21. Rxc8 Qxc8 22. a4 Qa6 23. Ra2 Bc7 24. axb5 Qxb5 25. Qc2 Nc6 26. Qa4 Qxa4 27. Rxa4 g5 28. Ra6 Nd8 29. Ne1 g4 30. Bg2 Nf7
31. h3 h5 32. hxg4 hxg4 33. f3 gxf3 34. Bh3 Nd8 35. Nxf3 Nd7 36. Ra7 Bd6 37. Rxd7 Nf7 38. b5
1-0

[Event "2008 Standard Chess Dropout Tournament, Round 1"]
[Site "SchemingMind.com"]
[Date "2007.11.14"]
[Round "1"]
[White "Orange Lion"]
[Black "Steven DuCharme"]
[Result "1-0"]
[WhiteCountry "NED"]
[BlackCountry "USA"]
[WhiteElo "2200"]
[WhiteRD "78"]
[BlackElo "1581"]
[BlackRD "68"]
[GameID "128825"]

1. Nf3 Nf6 2. c4 g6 3. d4 Bg7 4. g3 O-O 5. Bg2 c6 6. Nc3 d5 7. cxd5 cxd5 8. Ne5 Nc6 9. Nxc6 bxc6 10. O-O a5
11. Re1 Re8 12. Na4 e5 13. dxe5 Rxe5 14. b3 Qd6 15. Nb6 Rb8 16. Nc4
1-0